000 00327nam a22001337a 4500
008 181207b xxu||||| |||| 00| 0 eng d
020 _a9780683034172
041 _aeng
080 _22nd
_a616-053.2
100 _a8
101 _aPED
245 _aThe Science and Practice of Pediatric Cardiology
_cGarson,A
942 _2udc
_cBK
999 _c52992
_d52992